000 00860nam a2200277 a 4500
001 000003951
005 20200929150634.0
008 941118s1995 sp 000 f spa d
020 _a8401466342
040 _aDO-SdBNP
_bspa
_cBNPHU
041 1 7 _aspa
_heng
_2Código de idioma MARC
082 _a813.54
_bS813re
100 1 _aSteel, Danielle,
_d1947-
_910718
240 1 0 _aLightning.
_lEspañol
245 1 0 _aRelámpago /
_cDanielle Steel ; traducción de Gemma Moral Bartolomé.
260 _aBarcelona :
_bPlaza & Janés,
_c1995.
300 _a379 p. ;
_c18 cm.
490 1 _aJet
_v245/4
534 _aTítulo original:
_tLightning.
650 4 _aNovela estadounidense
_9262
650 4 _aLiteratura estadounidense
_ySOGLO XX
_911887
700 1 _aMoral Bartolomé, Gemma,
_etr.
_911888
830 0 _aJet ;
_v245/4
_911886
910 _aWM
049 _aBNGR
999 _c3770
_d3770